Cuentos completos. (Registro nro. 61721)
[ vista simple ]
| 000 -LEADER | |
|---|---|
| fixed length control field | 01105cam a2200301 i 4500 |
| 001 - CONTROL NUMBER | |
| control field | 61721 |
| 003 - CONTROL NUMBER IDENTIFIER | |
| control field | Mx-PuUPA |
| 005 - DATE AND TIME OF LATEST TRANSACTION | |
| control field | 20241015134516.0 |
| 008 - FIXED-LENGTH DATA ELEMENTS--GENERAL INFORMATION | |
| fixed length control field | 141112s2023 mx gr 000 j spa d |
| 020 ## - INTERNATIONAL STANDARD BOOK NUMBER | |
| International Standard Book Number | 9786073821612 |
| 040 ## - CATALOGING SOURCE | |
| Original cataloging agency | Mx-PuUPA |
| Language of cataloging | spa |
| Transcribing agency | Mx-PuUPA |
| Modifying agency | Mx-PuUPA |
| Description conventions | rda |
| 041 0# - LANGUAGE CODE | |
| Language code of text/sound track or separate title | spa |
| 043 ## - GEOGRAPHIC AREA CODE | |
| Geographic area code | s-uy--- |
| 100 1# - MAIN ENTRY--PERSONAL NAME | |
| Personal name | Benedetti, Mario, |
| Dates associated with a name | 1920-2009 |
| Relator term | autor |
| 9 (RLIN) | 7243 |
| 245 10 - TITLE STATEMENT | |
| Title | Cuentos completos. |
| Name of part/section of a work | Benedetti |
| 250 ## - EDITION STATEMENT | |
| Edition statement | Cuarta edición |
| 264 #1 - PRODUCTION, PUBLICATION, DISTRIBUTION, MANUFACTURE, AND COPYRIGHT NOTICE | |
| Place of production, publication, distribution, manufacture | Ciudad de México : |
| Name of producer, publisher, distributor, manufacturer | Alfaguara, |
| Date of production, publication, distribution, manufacture, or copyright notice | 2023 |
| 300 ## - PHYSICAL DESCRIPTION | |
| Extent | 862 páginas ; |
| Dimensions | 24 cm |
| 336 ## - CONTENT TYPE | |
| Content type term | texto |
| Fuente | rdacontent |
| Content type code | txt |
| 337 ## - MEDIA TYPE | |
| Media type term | sin medio |
| Source | rdamedia |
| Media type code | n |
| 338 ## - CARRIER TYPE | |
| Carrier type term | volumen |
| Source | rdamedia |
| Carrier type code | nc |
| 650 #7 - SUBJECT ADDED ENTRY--TOPICAL TERM | |
| Topical term or geographic name entry element | Literatura |
| Geographic subdivision | Uruguay |
| Source of heading or term | armarc |
| 942 ## - ADDED ENTRY ELEMENTS (KOHA) | |
| Source of classification or shelving scheme | Dewey Decimal Classification |
| Koha item type | Libro |
| Classification part | 863 |
| Item part | B45 |
| Withdrawn status | Lost status | Source of classification or shelving scheme | Damaged status | Not for loan | Collection code | Home library | Current library | Shelving location | Date acquired | Source of acquisition | Total Checkouts | Total Renewals | Full call number | Barcode | Date last seen | Date last checked out | Price effective from | Koha item type |
|---|---|---|---|---|---|---|---|---|---|---|---|---|---|---|---|---|---|---|
| Dewey Decimal Classification | General | Biblioteca Karol Wojtyla | Biblioteca Karol Wojtyla | Sala general | 16/02/2015 | Compra | 9 | 2 | 863 B45 2023 | 92984 | 05/01/2026 | 23/05/2025 | 16/02/2015 | Libro |